LEADER 00880nam0-22003011i-450- 001 990006128130403321 005 20130604171508.0 035 $a000612813 035 $aFED01000612813 035 $a(Aleph)000612813FED01 035 $a000612813 100 $a20000112d1958----km-y0itay50------ba 101 0 $aita 102 $aIT 105 $a--------00-yy 200 1 $a<>diritto secondo Ferrari$fArduino Agnelli 210 $aPadova$cCedam$d1958 215 $a113 p.$d24 cm 225 1 $aUniversità degli studi di Trieste, Facoltà di giurisprudenza, Istituto di diritto pubblico interno$v6 676 $a340 700 1$aAgnelli,$bArduino$f<1932- >$0125662 801 0$aIT$bUNINA$gRICA$2UNIMARC 901 $aBK 912 $a990006128130403321 952 $aUNIV. 218 (6)$b55403$fFGBC 959 $aFGBC 996 $aDiritto secondo Ferrari$9643645 997 $aUNINA LEADER 01361nam a22002531i 4500 001 991002132959707536 005 20040204171137.0 008 040407s1965 it |||||||||||||||||ita 035 $ab12875703-39ule_inst 035 $aARCHE-085532$9ExL 040 $aDip.to Scienze Storiche$bita$cA.t.i. Arché s.c.r.l. Pandora Sicilia s.r.l. 082 04$a707.4 110 1 $aVenezia$032791 245 10$aElenco degli articoli pubblicati dalla stampa giornaliera e periodica, italiana ed estera, sulla Mostra dei fratelli Guardi, tenuta a Venezia, Palazzo Grassi, dal 4 giugno al 20 ottobre 1965 /$cDirezione Belle arti del Comune di Venezia 260 $a[S.l. :$bs.n.],$c[1965?] 300 $a1 v. ;$c30 cm 650 4$aEsposizioni$zVenezia$xGuardi, Francesco$y1965$xRassegna stampa 650 4$aEsposizioni$zVenezia$xGuardi, Giovanni Antonio$y1965$xRassegna stampa 907 $a.b12875703$b02-04-14$c16-04-04 912 $a991002132959707536 945 $aLE009 LA MON G 74 (Fondo Bottari) $g1$i2009000114401$lle009$o-$pE0.00$q-$rn$so $t0$u0$v0$w0$x0$y.i13437008$z16-04-04 996 $aElenco degli articoli pubblicati dalla stampa giornaliera e periodica, italiana ed estera, sulla Mostra dei fratelli Guardi, tenuta a Venezia, Palazzo Grassi, dal 4 giugno al 20 ottobre 1965$9300273 997 $aUNISALENTO 998 $ale009$b16-04-04$cm$da $e-$fita$git $h0$i1 LEADER 01288nam a2200313 i 4500 001 991000940659707536 005 20020507180238.0 008 950109s1969 de ||| | eng 035 $ab10778706-39ule_inst 035 $aLE01304618$9ExL 040 $aDip.to Matematica$beng 082 0 $a515.42 084 $aAMS 28A 084 $aAMS 28A75 084 $aLC QA312.M67 100 1 $aFederer, Herbert$041387 245 10$aGeometric measure theory /$cHerbert Federer 260 $aBerlin :$bSpringer-Verlag,$c1969 300 $a676 p. ;$c24 cm 490 0 $aDie Grundlehren der mathematischen Wissenschaften in Einzeldarstellungen mit besonderer Berücksichtigung der Anwendungsgebiete ;$v153 650 4$aGeometric measure theory 907 $a.b10778706$b23-02-17$c28-06-02 912 $a991000940659707536 945 $aLE013 28A FED11 C.2 (1969)$g2$i2013000014845$lle013$o-$pE0.00$q-$rl$s- $t0$u2$v0$w2$x0$y.i10878063$z28-06-02 945 $aLE013 28A FED11 C.1 (1969)$g1$i2013000101200$lle013$o-$pE0.00$q-$rl$s- $t0$u6$v1$w6$x0$y.i10878075$z28-06-02 945 $aLE013$cE-book$g0$lle013$o-$pE0.00$q-$rn$so $t0$u0$v0$w0$x0$y.i14704675$z31-03-08 996 $aGeometric measure theory$933869 997 $aUNISALENTO 998 $ale013$b01-01-95$cm$da $e-$feng$gde $h0$i2